<?xml version="1.0" encoding="UTF-8"?><marc:collection xmlns:marc="http://www.loc.gov/MARC21/slim">
  <marc:record>
    <marc:leader>00000ngm  2200000zi 4500</marc:leader>
    <marc:controlfield tag="001">9.934131</marc:controlfield>
    <marc:controlfield tag="003">CaOODSP</marc:controlfield>
    <marc:controlfield tag="005">20250521095003</marc:controlfield>
    <marc:controlfield tag="006">m     o  c f      </marc:controlfield>
    <marc:controlfield tag="007">cr cn ||||||||</marc:controlfield>
    <marc:controlfield tag="008">240219s2024    quc059       fo   vlsgn d</marc:controlfield>
    <marc:datafield tag="020" ind1=" " ind2=" ">
      <marc:subfield code="a">9780660703688</marc:subfield>
    </marc:datafield>
    <marc:datafield tag="040" ind1=" " ind2=" ">
      <marc:subfield code="a">CaOODSP</marc:subfield>
      <marc:subfield code="b">eng</marc:subfield>
      <marc:subfield code="e">rda</marc:subfield>
      <marc:subfield code="c">CaOODSP</marc:subfield>
    </marc:datafield>
    <marc:datafield tag="041" ind1=" " ind2="7">
      <marc:subfield code="a">ase</marc:subfield>
      <marc:subfield code="2">ISO 639-3</marc:subfield>
    </marc:datafield>
    <marc:datafield tag="043" ind1=" " ind2=" ">
      <marc:subfield code="a">n-cn---</marc:subfield>
    </marc:datafield>
    <marc:datafield tag="086" ind1="1" ind2=" ">
      <marc:subfield code="a">Em12-120/2024E-MP4</marc:subfield>
    </marc:datafield>
    <marc:datafield tag="086" ind1="1" ind2=" ">
      <marc:subfield code="a">Em12-120/2024Ase-MP4</marc:subfield>
    </marc:datafield>
    <marc:datafield tag="245" ind1="0" ind2="0">
      <marc:subfield code="a">Accessible Canada roadmap.</marc:subfield>
    </marc:datafield>
    <marc:datafield tag="246" ind1="1" ind2="6">
      <marc:subfield code="a">Discussion paper : </marc:subfield>
      <marc:subfield code="b">accessible Canada roadmap</marc:subfield>
    </marc:datafield>
    <marc:datafield tag="264" ind1=" " ind2="1">
      <marc:subfield code="a">[Gatineau, Quebec] : </marc:subfield>
      <marc:subfield code="b">Government of Canada, </marc:subfield>
      <marc:subfield code="c">[2024]</marc:subfield>
    </marc:datafield>
    <marc:datafield tag="300" ind1=" " ind2=" ">
      <marc:subfield code="a">1 online resource (14 video files (59 min., 16 sec.)) : </marc:subfield>
      <marc:subfield code="b">silent, colour</marc:subfield>
    </marc:datafield>
    <marc:datafield tag="336" ind1=" " ind2=" ">
      <marc:subfield code="a">two dimensional moving image</marc:subfield>
      <marc:subfield code="b">tdi</marc:subfield>
      <marc:subfield code="2">rdacontent</marc:subfield>
    </marc:datafield>
    <marc:datafield tag="337" ind1=" " ind2=" ">
      <marc:subfield code="a">computer</marc:subfield>
      <marc:subfield code="b">c</marc:subfield>
      <marc:subfield code="2">rdamedia</marc:subfield>
    </marc:datafield>
    <marc:datafield tag="338" ind1=" " ind2=" ">
      <marc:subfield code="a">online resource</marc:subfield>
      <marc:subfield code="b">cr</marc:subfield>
      <marc:subfield code="2">rdacarrier</marc:subfield>
    </marc:datafield>
    <marc:datafield tag="500" ind1=" " ind2=" ">
      <marc:subfield code="a">Issued by Employment and Social Development Canada.</marc:subfield>
    </marc:datafield>
    <marc:datafield tag="500" ind1=" " ind2=" ">
      <marc:subfield code="a">Issued also in French under title: Feuille de route du Canada accessible.</marc:subfield>
    </marc:datafield>
    <marc:datafield tag="500" ind1=" " ind2=" ">
      <marc:subfield code="a">Available as streaming videos or as downloadable MP4 files.</marc:subfield>
    </marc:datafield>
    <marc:datafield tag="505" ind1="0" ind2=" ">
      <marc:subfield code="a">List of abbreviations (53 sec.) -- Introduction (4 min., 6 sec.) -- Why a roadmap (3 min., 35 sec.) -- The Accessible Canada Act - laying the foundations for a barrier-free Canada (5 min., 59 sec.) -- Other entities involved in helping realize a barrier-free Canada (2 min., 24 sec.) -- Federally regulated public sector (6 min., 8 sec.) -- Core elements of the roadmap (1 min., 34 sec.) -- Guiding principles (3 min., 27 sec.) -- Outcomes (2 min., 16 sec.) -- Themes (9 min., 24 sec.) -- Discussion questions (2 min., 40 sec.) -- How to provide your feedback (1 min., 59 sec.) -- Annex A: Background on the Accessible Canada Act (5 min., 18 sec.) -- Annex B: tables of the proposed themes, areas of action and 5-year goals (9 min., 33 sec).</marc:subfield>
    </marc:datafield>
    <marc:datafield tag="520" ind1=" " ind2=" ">
      <marc:subfield code="a">"The draft Roadmap set out in this document proposes over-arching themes, areas for action and accompanying 5-year goals. ESDC is also keen for stakeholders and partners to provide input on how to promote awareness of the Roadmap. Everyone who is involved in removing barriers to Canada should know about it, have access to it and/or apply it in their work"--Provided by publisher.</marc:subfield>
    </marc:datafield>
    <marc:datafield tag="530" ind1=" " ind2=" ">
      <marc:subfield code="a">Issued also in PDF format.</marc:subfield>
    </marc:datafield>
    <marc:datafield tag="588" ind1=" " ind2=" ">
      <marc:subfield code="a">Description based on online resource; title from resource web page (Employment and Social Development Canada, viewed March 5, 2025).</marc:subfield>
    </marc:datafield>
    <marc:datafield tag="650" ind1=" " ind2="0">
      <marc:subfield code="a">Barrier-free design</marc:subfield>
      <marc:subfield code="z">Canada</marc:subfield>
      <marc:subfield code="x">Planning.</marc:subfield>
    </marc:datafield>
    <marc:datafield tag="650" ind1=" " ind2="0">
      <marc:subfield code="a">Barrier-free design</marc:subfield>
      <marc:subfield code="x">Government policy</marc:subfield>
      <marc:subfield code="z">Canada.</marc:subfield>
    </marc:datafield>
    <marc:datafield tag="655" ind1=" " ind2="7">
      <marc:subfield code="a">Internet videos</marc:subfield>
      <marc:subfield code="2">lcgft</marc:subfield>
    </marc:datafield>
    <marc:datafield tag="655" ind1=" " ind2="7">
      <marc:subfield code="a">Video recordings for the hearing impaired</marc:subfield>
      <marc:subfield code="2">lcgft</marc:subfield>
    </marc:datafield>
    <marc:datafield tag="655" ind1=" " ind2="7">
      <marc:subfield code="a">Instructional and educational works</marc:subfield>
      <marc:subfield code="2">lcgft</marc:subfield>
    </marc:datafield>
    <marc:datafield tag="710" ind1="1" ind2=" ">
      <marc:subfield code="a">Canada. </marc:subfield>
      <marc:subfield code="b">Employment and Social Development Canada, </marc:subfield>
      <marc:subfield code="e">issuing body.</marc:subfield>
    </marc:datafield>
    <marc:datafield tag="775" ind1="0" ind2="8">
      <marc:subfield code="t">Feuille de route du Canada accessible.</marc:subfield>
      <marc:subfield code="w">(CaOODSP)9.934132</marc:subfield>
    </marc:datafield>
    <marc:datafield tag="776" ind1="0" ind2="#">
      <marc:subfield code="t">Discussion paper : </marc:subfield>
      <marc:subfield code="w">(CaOODSP)9.943200</marc:subfield>
    </marc:datafield>
    <marc:datafield tag="794" ind1=" " ind2=" ">
      <marc:subfield code="t">Accessible Canada roadmap.</marc:subfield>
      <marc:subfield code="w">(CaOODSP)9.951248</marc:subfield>
    </marc:datafield>
    <marc:datafield tag="856" ind1="4" ind2="0">
      <marc:subfield code="q">MP4</marc:subfield>
      <marc:subfield code="s">51.6 MB</marc:subfield>
      <marc:subfield code="u">https://publications.gc.ca/collections/collection_2025/edsc-esdc/Em12-120-2024-AB-ase.mp4</marc:subfield>
      <marc:subfield code="z">List of abbreviations</marc:subfield>
    </marc:datafield>
    <marc:datafield tag="856" ind1="4" ind2="0">
      <marc:subfield code="q">MP4</marc:subfield>
      <marc:subfield code="s">278 MB</marc:subfield>
      <marc:subfield code="u">https://publications.gc.ca/collections/collection_2025/edsc-esdc/Em12-120-2024-1-ase.mp4</marc:subfield>
      <marc:subfield code="z">Introduction</marc:subfield>
    </marc:datafield>
    <marc:datafield tag="856" ind1="4" ind2="0">
      <marc:subfield code="q">MP4</marc:subfield>
      <marc:subfield code="s">238 MB</marc:subfield>
      <marc:subfield code="u">https://publications.gc.ca/collections/collection_2025/edsc-esdc/Em12-120-2024-2-ase.mp4</marc:subfield>
      <marc:subfield code="z">Why a roadmap</marc:subfield>
    </marc:datafield>
    <marc:datafield tag="856" ind1="4" ind2="0">
      <marc:subfield code="q">MP4</marc:subfield>
      <marc:subfield code="s">228 MB</marc:subfield>
      <marc:subfield code="u">https://publications.gc.ca/collections/collection_2025/edsc-esdc/Em12-120-2024-3-ase.mp4</marc:subfield>
      <marc:subfield code="z">The Accessible Canada Act</marc:subfield>
    </marc:datafield>
    <marc:datafield tag="856" ind1="4" ind2="0">
      <marc:subfield code="q">MP4</marc:subfield>
      <marc:subfield code="s">154 MB</marc:subfield>
      <marc:subfield code="u">https://publications.gc.ca/collections/collection_2025/edsc-esdc/Em12-120-2024-4-ase.mp4</marc:subfield>
      <marc:subfield code="z">Other entities</marc:subfield>
    </marc:datafield>
    <marc:datafield tag="856" ind1="4" ind2="0">
      <marc:subfield code="q">MP4</marc:subfield>
      <marc:subfield code="s">425 MB</marc:subfield>
      <marc:subfield code="u">https://publications.gc.ca/collections/collection_2025/edsc-esdc/Em12-120-2024-4.1-4.6-ase.mp4</marc:subfield>
      <marc:subfield code="z">Federally regulated public sector</marc:subfield>
    </marc:datafield>
    <marc:datafield tag="856" ind1="4" ind2="0">
      <marc:subfield code="q">MP4</marc:subfield>
      <marc:subfield code="s">105 MB</marc:subfield>
      <marc:subfield code="u">https://publications.gc.ca/collections/collection_2025/edsc-esdc/Em12-120-2024-5-ase.mp4</marc:subfield>
      <marc:subfield code="z">Core elements of the roadmap</marc:subfield>
    </marc:datafield>
    <marc:datafield tag="856" ind1="4" ind2="0">
      <marc:subfield code="q">MP4</marc:subfield>
      <marc:subfield code="s">235 MB</marc:subfield>
      <marc:subfield code="u">https://publications.gc.ca/collections/collection_2025/edsc-esdc/Em12-120-2024-5.1-ase.mp4</marc:subfield>
      <marc:subfield code="z">Guiding principles</marc:subfield>
    </marc:datafield>
    <marc:datafield tag="856" ind1="4" ind2="0">
      <marc:subfield code="q">MP4</marc:subfield>
      <marc:subfield code="s">156 MB</marc:subfield>
      <marc:subfield code="u">https://publications.gc.ca/collections/collection_2025/edsc-esdc/Em12-120-2024-5.2-ase.mp4</marc:subfield>
      <marc:subfield code="z">Outcomes</marc:subfield>
    </marc:datafield>
    <marc:datafield tag="856" ind1="4" ind2="0">
      <marc:subfield code="q">MP4</marc:subfield>
      <marc:subfield code="s">660 MB</marc:subfield>
      <marc:subfield code="u">https://publications.gc.ca/collections/collection_2025/edsc-esdc/Em12-120-2024-5.3-ase.mp4</marc:subfield>
      <marc:subfield code="z">Themes</marc:subfield>
    </marc:datafield>
    <marc:datafield tag="856" ind1="4" ind2="0">
      <marc:subfield code="q">MP4</marc:subfield>
      <marc:subfield code="s">176 MB</marc:subfield>
      <marc:subfield code="u">https://publications.gc.ca/collections/collection_2025/edsc-esdc/Em12-120-2024-6-ase.mp4</marc:subfield>
      <marc:subfield code="z">Discussion questions</marc:subfield>
    </marc:datafield>
    <marc:datafield tag="856" ind1="4" ind2="0">
      <marc:subfield code="q">MP4</marc:subfield>
      <marc:subfield code="s">128 MB</marc:subfield>
      <marc:subfield code="u">https://publications.gc.ca/collections/collection_2025/edsc-esdc/Em12-120-2024-7-ase.mp4</marc:subfield>
      <marc:subfield code="z">How to provide your feedback</marc:subfield>
    </marc:datafield>
    <marc:datafield tag="856" ind1="4" ind2="0">
      <marc:subfield code="q">MP4</marc:subfield>
      <marc:subfield code="s">360 MB</marc:subfield>
      <marc:subfield code="u">https://publications.gc.ca/collections/collection_2025/edsc-esdc/Em12-120-2024-A-ase.mp4</marc:subfield>
      <marc:subfield code="z">Annex A</marc:subfield>
    </marc:datafield>
    <marc:datafield tag="856" ind1="4" ind2="0">
      <marc:subfield code="q">MP4</marc:subfield>
      <marc:subfield code="s">695 MB</marc:subfield>
      <marc:subfield code="u">https://publications.gc.ca/collections/collection_2025/edsc-esdc/Em12-120-2024-B-ase.mp4</marc:subfield>
      <marc:subfield code="z">Annex B</marc:subfield>
    </marc:datafield>
    <marc:datafield tag="856" ind1="4" ind2=" ">
      <marc:subfield code="q">HTML</marc:subfield>
      <marc:subfield code="s">N/A</marc:subfield>
      <marc:subfield code="u">https://www.canada.ca/en/employment-social-development/programs/accessible-canada/consultation-framework-national-accessibility-action/discussion.html</marc:subfield>
      <marc:subfield code="z">Roadmap videos</marc:subfield>
    </marc:datafield>
  </marc:record>
</marc:collection>
